00594nam a2200181 i 450000100060000000300090000600500170001500700030003200800410003510000250007624501350010125000150023626000340025130000300028570000290031570000360034485200320038063480ES-MaACL20230906164900.0t|031210s1970 sp ||||1| spa d1 aFerrer Pi, Santiago.10aOsteomielitis aguda hematógena en la infancia / cpor Santiago Ferrer Pi, Damián Pedrola Guixe, Mª Luisa Roldán Valentín. a[1ª ed.]. aBarcelona : bEspaxs, c1970. a151 p. : bil. ; c23 cm.1 aPedrola Guixe, Damián.1 aRoldán Valentín, Mª Luisa. aES-MaACLjC-44541 bR.76096